000 00268nam a22001217a 4500
008 260220b ||||| |||| 00| 0 eng d
041 _aShqip
080 _a2.10
100 _a20.1
101 _aroman
245 _aPlagë dhe Lumturi
_cSylë Dreshaj
942 _2udc
_cBK
999 _c60831
_d60831